PFA Teams of the Year 1990s - Statistics

General Stats
  • This quiz has been taken 382 times
  • The average score is 56 of 110
Answer Stats
Hint Answer % Correct
Season 3 | Season 4 | Season 5 | +3 others Alan Shearer
90%
Season 4 | Season 9 Ryan Giggs
90%
Season 10 | Season 8 | Season 9 David Beckham
88%
Season 2 | Season 8 David Seaman
86%
Season 4 Peter Schmeichel
86%
Season 5 Eric Cantona
83%
Season 10 | Season 7 | Season 8 | Season 9 Gary Neville
83%
Season 9 Michael Owen
79%
Season 10 Dwight Yorke
76%
Season 4 | Season 8 Roy Keane
76%
Season 7 Alan Wright
75%
Season 4 | Season 8 Ian Wright
75%
Season 2 | Season 8 Mark Wright
75%
Season 7 Les Ferdinand
74%
Season 5 | Season 7 | Season 8 Tony Adams
73%
Season 9 Dennis Bergkamp
72%
Season 10 | Season 5 Denis Irwin
68%
Season 10 Patrick Vieira
63%
Season 6 Chris Sutton
59%
Season 3 | Season 4 | Season 5 | +2 others Gary Pallister
58%
Season 2 | Season 3 Mark Hughes
58%
Season 2 Ian Rush
55%
Season 4 | Season 5 | Season 6 Paul Ince
55%
Season 9 Nicky Butt
54%
Season 7 David James
53%
Season 10 Jaap Stam
53%
Season 1 | Season 2 John Barnes
52%
Season 1 | Season 3 Gary Lineker
51%
Season 1 | Season 2 Lee Dixon
51%
Season 10 Sol Campbell
49%
Season 10 Emmanuel Petit
46%
Season 2 Paul Gascoigne
44%
Season 8 Steve McManaman
44%
Season 10 | Season 7 David Ginola
43%
Season 6 Matt Le Tissier
43%
Season 6 Tim Sherwood
42%
Season 10 Nicolas Anelka
39%
Season 3 | Season 6 Rob Jones
38%
Season 5 | Season 6 Tim Flowers
38%
Season 6 Jürgen Klinsmann
36%
Season 6 | Season 9 Graeme Le Saux
35%
Season 10 | Season 9 Nigel Martyn
35%
Season 1 | Season 2 | Season 3 Stuart Pearce
35%
Season 1 David Platt
34%
Season 1 | Season 5 Peter Beardsley
33%
Season 6 | Season 9 Colin Hendry
32%
Season 5 | Season 8 | Season 9 David Batty
32%
Season 1 | Season 2 | Season 3 Des Walker
29%
Season 4 Gary Speed
28%
Season 3 | Season 5 Gary McAllister
27%
Season 7 Ruud Gullit
26%
Season 4 Paul McGrath
23%
Season 1 Neville Southall
21%
Season 2 Gordon Strachan
19%
Season 7 Rob Lee
18%
Season 5 Gary Kelly
16%
Season 1 Alan Hansen
15%
Season 4 Tony Dorigo
15%
Season 1 Steve McMahon
14%
Season 7 Steve Stone
13%
Season 8 Stig Inge Bjørnebye
10%
Season 2 | Season 3 Andy Townsend
9%
Season 3 Ray Houghton
9%
Season 7 Ugo Ehiogu
9%
Season 4 David Bardsley
8%
Season 1 Steve Hodge
6%
Season 3 Tony Coton
6%
No matching quizzes found
Score Distribution
Percent of People with Each Score
Percentile by Number Answered
Your Score History
You have not taken this quiz